| 000 | 00921nam0a22002771 4500 | ||
|---|---|---|---|
| 001 | rc\3483923 | ||
| 005 | 20250610022926.0 | ||
| 021 |
_aRU _b[73-95205] |
||
| 035 | _a(NLR Aleph) 007645891 | ||
| 090 |
_a6176118 _c6176118 |
||
| 100 | _a20130115d1973 |||y0rusy50 ca | ||
| 101 | 0 | _arus | |
| 102 | _aRU | ||
| 105 | _aa g ||||| | ||
| 200 | 1 | _aСправочник технолога дрожжевого производства | |
| 210 |
_aМосква _cПищевая пром-сть _d1973 |
||
| 215 |
_a288 с. _cчерт. _d21 |
||
| 320 | _aПредм. указ.: с. 276-282 | ||
| 320 | _aСписок лит.: с. 269-275 | ||
| 606 |
_aДрожжевое производство _jСправочники _2psbo |
||
| 700 | 1 |
_aНоваковская _bС.С. _gСарра Соломоновна |
|
| 801 | 0 |
_aRU _bNLR _gpsbo |
|
| 801 | 1 |
_aRU _bELAR _2rusmarc |
|
| 852 |
_aNLR _j73-3/9047 |
||
| 942 | _cBOOK | ||
| 980 | _aNB | ||